The Book of Pharmacopoeias and Unofficial Formularies (Record no. 9624)
[ view plain ]
| 000 -LEADER | |
|---|---|
| fixed length control field | 00548nam a22001937a 4500 |
| 003 - CONTROL NUMBER IDENTIFIER | |
| control field | OSt |
| 005 - DATE AND TIME OF LATEST TRANSACTION | |
| control field | 20260407152823.0 |
| 008 - FIXED-LENGTH DATA ELEMENTS--GENERAL INFORMATION | |
| fixed length control field | 260407b |||||||| |||| 00| 0 eng d |
| 020 ## - INTERNATIONAL STANDARD BOOK NUMBER | |
| International Standard Book Number | 9780656434497 |
| 040 ## - CATALOGING SOURCE | |
| Transcribing agency | NLM |
| 082 ## - DEWEY DECIMAL CLASSIFICATION NUMBER | |
| Classification number | QV737 L963b 2018 |
| 100 ## - MAIN ENTRY--PERSONAL NAME | |
| Personal name | Lucas, Edwards Williams; Steven, H. B. |
| 9 (RLIN) | 19573 |
| 245 ## - TITLE STATEMENT | |
| Title | The Book of Pharmacopoeias and Unofficial Formularies |
| 260 ## - PUBLICATION, DISTRIBUTION, ETC. (IMPRINT) | |
| Place of publication, distribution, etc. | Philadelphia; Blakiston's son, 2018 |
| 300 ## - PHYSICAL DESCRIPTION | |
| Extent | viii,524p; ill: 24cm |
| 504 ## - BIBLIOGRAPHY, ETC. NOTE | |
| Bibliography, etc | Index included |
| 650 ## - SUBJECT ADDED ENTRY--TOPICAL TERM | |
| Topical term or geographic name as entry element | Pharmacopia |
| 9 (RLIN) | 19574 |
| 942 ## - ADDED ENTRY ELEMENTS (KOHA) | |
| Source of classification or shelving scheme | Other/Generic Classification Scheme |
| Koha item type | Open Shelf |
| Withdrawn status | Lost status | Source of classification or shelving scheme | Damaged status | Not for loan | Home library | Current library | Date acquired | Source of acquisition | Inventory number | Total Checkouts | Full call number | Barcode | Date last seen | Koha item type |
|---|---|---|---|---|---|---|---|---|---|---|---|---|---|---|
| Other/Generic Classification Scheme | MUST Main Library | MUST Main Library | 07/04/2026 | Purchase | 26/42603 | QV737 L963b 2018 | 2026-0090 | 07/04/2026 | Open Shelf | |||||
| Other/Generic Classification Scheme | MUST Main Library | MUST Main Library | 07/04/2026 | Purchase | 26/42604 | QV737 L963b 2018 | 2026-0091 | 07/04/2026 | Open Shelf | |||||
| Other/Generic Classification Scheme | MUST Main Library | MUST Main Library | 07/04/2026 | Purchase | 26/42605 | QV737 L963b 2018 | 2026-0092 | 07/04/2026 | Open Shelf | |||||
| Other/Generic Classification Scheme | MUST Main Library | MUST Main Library | 07/04/2026 | Purchase | 26/42606 | QV737 L963b 2018 | 2026-0093 | 07/04/2026 | Open Shelf |
